Budakattina lambani gadegalu (Record no. 1033624)

MARC details
000 -LEADER
fixed length control field 00582nam a2200229Ia 4500
003 - CONTROL NUMBER IDENTIFIER
control field OSt
005 - DATE AND TIME OF LATEST TRANSACTION
control field 20221005115150.0
008 - FIXED-LENGTH DATA ELEMENTS--GENERAL INFORMATION
fixed length control field Tel
037 ## - SOURCE OF ACQUISITION
Terms of availability Textual
040 ## - CATALOGING SOURCE
Original cataloging agency CRL
Transcribing agency CRL
Language of cataloging Tel
041 ## - LANGUAGE CODE
Source of code Tel
Language code of text/sound track or separate title Tel
100 ## - MAIN ENTRY--PERSONAL NAME
Personal name Nayak D. B.
9 (RLIN) 627217
245 #0 - TITLE STATEMENT
Title Budakattina lambani gadegalu
Remainder of title A research study and collection
260 ## - PUBLICATION, DISTRIBUTION, ETC.
Date of publication, distribution, etc. 2001
650 ## - SUBJECT ADDED ENTRY--TOPICAL TERM
Topical term or geographic name entry element LITERATURE
942 ## - ADDED ENTRY ELEMENTS (KOHA)
Classification part O33, P1
Koha item type Textual
Source of classification or shelving scheme
Holdings
Withdrawn status Lost status Damaged status Not for loan Home library Current library Date acquired Source of acquisition Total Checkouts Full call number Barcode Date last seen Price effective from Koha item type
        Central Library Central Library 2022-10-05 Gift, 17/01/2013,   O33 P1 CL1215392 2022-10-05 2022-10-05 Textual
Copyright @ Delhi University Library System